| 000 | 01993nam a2200421 c 4500 | ||
|---|---|---|---|
| 999 |
_c204512 _d204512 |
||
| 003 | BLK | ||
| 005 | 20250111121954.0 | ||
| 008 | 180411b bul|||||r ||||||| ||bul|| | ||
| 010 | _aKNG00214073000 | ||
| 020 | _a978-954-398-505-0 | ||
| 040 | _aBLK | ||
| 041 |
_aBUL _cBUL |
||
| 072 | 7 |
_2bullib _aН92 _xИстория Н |
|
| 080 |
_aПаметници на културата на историческите периоди. Археологическите паметници. Старини _b904 _x(497.2) _z904(497.2) |
||
| 139 |
_a[Петдесет] 50-те светини, пред който се прекланя всеки българин _bП 41 |
||
| 245 | 1 | 0 |
_a[Петдесет] 50-те светини, пред който се прекланя всеки българин _bПомагало за ученици, учители и родители _cред. Надежда Йорданова Делева. |
| 257 | _aBGR | ||
| 260 |
_bТруд _c2017 _fВ. Търново : Абагар |
||
| 300 |
_a157 с. _bс ил., ноти, факс. _c22 см |
||
| 380 | _a9 | ||
| 500 | _aИмето на ред. отбелязано в изд. каре. | ||
| 650 | 4 |
_aКултурно-историческо наследство - България _9335838 |
|
| 653 | _aреликви | ||
| 653 | _aпаметници | ||
| 653 | _aцъркви | ||
| 653 | _aманастири | ||
| 653 | _aкнижовно наследство | ||
| 653 | _aнационални символи | ||
| 659 | _aН | ||
| 700 | 1 |
_aДелева, Надежда Йорданова _d1978- _gКнигоиздател. Превежда от английски език. _cДелева, Надежда ; Йорданова, Надежда _959531 |
|
| 852 | _aЦб 288000 | ||
| 856 | 4 | _qpdf | |
| 856 | 4 | _qpdf | |
| 942 |
_cKNG _n0 _07 |
||
| 944 |
_aCR _c10.11.2017 _k30575 _lМартин Енчев |
||
| 944 |
_aED _c02.01.2018 _kГрета_Цуфелде |
||
| 999 | _d204512 | ||